Stolice stanów USA #1 - Statystyki

Ogólne statystyki
  • Ten quiz został rozwiązany 6 razy
  • Średni wynik to 4 z 10
Statystyki odpowiedzi
Stan Stolica % Poprawnych
Georgia Atlanta
80%
Arizona Phoenix
80%
Alaska Juneau
40%
Floryda Tallahassee
40%
Dakota Północna Bismarck
20%
Delaware Dover
20%
Connecticut Hartford
20%
Arkansas Little Rock
20%
Alabama Montgomery
20%
Dakota Południowa Pierre
20%
Nie znaleziono quizów pasujących do podanych kryteriów
Rozkład punktacji
Procent ludzi z każdym wynikiem
Percentyl według liczby udzielonych odpowiedzi
Twoja historia wyników
Nie rozwiązałeś tego quizu